000 00985nam a2200361 a 4500
003 AR-BaBNM
005 20251128205736.0
008 082120s2002 ||||||||||||||000 | spa||
020 _a84-7738-293-X
040 _cAR-BaBNM
100 1 _aMartín, Miguel Angel
245 0 0 _aIniciación al caos
_bsistemas dinámicos
250 _a1ª ed.
260 _aMadrid
_bSíntesis
_c1995
300 _a287 p.
_bil.
490 0 _aEducación matemática en secundaria
_vv. 19
504 _aBibliografía p. 287
650 4 _aMATEMATICA
650 4 _aENSEÑANZA DE LAS MATEMATICAS
650 4 _aALGORITMOS
650 4 _aCALCULO
650 4 _aDINAMICA
650 4 _aGUIA DEL DOCENTE
653 _aEDUCACION SECUNDARIA
653 _aESTRATEGIAS EDUCATIVAS
653 _aPROCESO DE ENSEÑANZA-APRENDIZAJE
700 1 _aMorán, Manuel
700 1 _aReyes, Miguel
800 1 _aGuzmán, Luis de
800 1 _aRuiz Romero, Luis
_edirector
942 _cBK
998 _cCarmen
999 _c12635
_d12635